Представление документа в формате RUSMARC

ПолеНазваниеЗначение
  Тип записи i
  Библиографический уровень m
001 Контрольный номер RU/IS/BASE/495650832
005 Дата корректировки 20201206204952.7
010 Индекс ISBN __
d Цена 275-40
100 Данные общей обработки __
a Данные общей обработки 19150915d2014||||||| 0rusy0189 ca
101 Язык документа 1_
a Язык текста rus
c Язык оригинала nnn
102 Страна публикации __
a Страна публикации ru
105 Кодированные данные (монография) __
a Кодированные данные (монография) nn|||||||f|zy
127 Кодированные данные (звукозаписи-физические характеристики) __
a Продолжительность проигрывания 12 ч 15 мин
200 Заглавие и сведения об ответственности 1_
a Заглавие Месть носит Prada
e Сведения, относящиеся к заглавию [роман : аудиокнига : 16+]
f Первые сведения об ответственности Лорен Вайсбергер ; [читает К. Бржезовская ; перевод О. А. Мышаковой]
b Общее обозначение материала Звукозапись
210 Выходные данные __
a Место издания Москва
c Издательство Аудиокнига
c Издательство АСТ
d Дата издания 2014
215 Физическое описание __
a Объем 1 электрон. опт. диск (Audio CD)
c Иллюстрации/тип воспроизводства mp3
d Формат 12х14 см
225 Серия __
a Серия Аудиокнига
230 Специфическая характеристика материала: электронные ресурсы __
a Обозначение и объем ресурса Электронные звуковые данные
300 Общие примечания __
a Общие примечания Заглавие с этикетки диска
323 Примечание о главных создателях, исполнителях, участниках __
a Примечание о главных создателях, исполнителях, участниках Бржезовская, К. (читает)
330 Аннотация __
a Аннотация Все готово для самой пышной свадьбы сезона. Шикарное платье? Доставлено. Модный фотограф? На месте. Мужчина мечты? Ждет у алтаря. Энди Сакс, редактор преуспевающего глянцевого журнала, выходит замуж. Долгие годы она старалась держаться как можно дальше от своего бывшего босса Миранды Пристли, но от нее не так легко скрыться... Дьявол, предпочитающий марку "Prada", возвращается!
333 Примечание о целевом назначении __
a Примечание о целевом назначении 16+. Для детей старше 16 лет
337 Примечание о системных требованиях (электронные ресурсы) __
a Примечание о системных требованиях (электронные ресурсы) Системные требования: MS Windows 9-х-XP ; Pentium-233 ; звуковая карта; аудиосистемы с поддержкой MP3
606 Тематические рубрики __
a Основная рубрика Художественная литература
606 Тематические рубрики __
a Основная рубрика Литература Америки (произведения)
z Хронологическая подрубрика 21 в. нач.
y Географическая подрубрика США
610 Ключевые слова __
a Ключевые слова американская литература
a Ключевые слова зарубежная литература
a Ключевые слова иностранная литература
a Ключевые слова романы
a Ключевые слова современная литература
a Ключевые слова тема взаимоотношений
a Ключевые слова тема карьеры
a Ключевые слова тема любви
a Ключевые слова тема моды
a Ключевые слова тема успеха
686 Индексы других классификаций __
2 Код системы rubbks
a Классификационный индекс 84(7Сое)6-4я04
700 Автор _1
a Фамилия Вайсбергер
b Имя Л.
f Даты 1977-
g Полное личное имя Лорен
4 Код отношения 070
702 Вторичная интеллектуальная ответственность _1
a Фамилия Мышакова
b Имя О. А.
4 Код отношения Переводчик
4 Код отношения 730
801 Источник записи _0
a Страна ru
b Организация Муниципальное бюджетное учреждение культуры "Централизованная библиотечная система" г. Сургут (Центральная городская библиотека им. А. С. Пушкина)
c Дата составления 20150915
g Правила каталогизации КиК/Апакова
801 Источник записи _1
a Страна ru
b Организация Муниципальное бюджетное учреждение культуры "Централизованная библиотечная система" г. Сургут (Центральная городская библиотека им. А. С. Пушкина)
c Дата составления 20150915
g Правила каталогизации КиК/Апакова
852 Данные о местонахождении __
j Шифр хранения 84(7Сое)6-4я04
i Авторский знак В 14
901 Тип документа __
t Тип документа 0
903 Характеристики (МАРС) __
a Дата передачи 20150915
969 Тип издания __
a Тип издания аудиокнига; издание для слепых
990 Данные о заказе (DOS) __
j Количество экземпляров (DOS) 6
t N записи в КСУ для И/У (DOS) 201509